000
00293nam a22001337a 4500
008
181002b xxu||||| |||| 00| 0 eng d
020
_a
9780078609770
041
_a
eng
080
_a
371
100
_a
25
101
_a
EDU
245
_a
The World and its People
_c
Boehm,R.G
942
_2
udc
_c
BK
999
_c
48774
_d
48774